[Event "M.Chigorin Memorial 2017 "]
[Site "?????-?????????"]
[Date "2017.10.24"]
[Round "4"]
[Board "166"]
[White "Shojhet, Sofiy"]
[Black "Kudin, Alexander"]
[Result "1-0"]
[WhiteElo "1905"]
[BlackElo "1520"]
[PlyCount "119"]
[EventDate "2017.10.21"]
[EventRounds "9"]
[EventCountry "RUS"]

1. Nf3 Nf6 2. g3 b6 3. Bg2 Bb7 4. d3 d6 5. Nbd2 Nbd7 6. e4 g6 7. O-O Bg7 8. c3
O-O 9. Re1 e5 10. Qc2 Nh5 11. d4 f5 12. exf5 gxf5 13. Nxe5 Bxg2 14. Nxd7 Qxd7
15. Kxg2 f4 16. Nf3 fxg3 17. fxg3 Qc6 18. Qe4 Qxe4 19. Rxe4 Nf6 20. Re1 d5 21.
Bf4 c6 22. Nd2 Rfe8 23. Kf3 Nh5 24. g4 Nf6 25. h3 Nd7 26. Nf1 c5 27. Be3 c4 28.
Bf4 b5 29. Ne3 Nb6 30. Bc7 Na4 31. Nxd5 Rf8+ 32. Kg3 Nxb2 33. Reb1 Nd3 34. Rxb5
Rf2 35. Rb8+ Rxb8 36. Bxb8 Kf7 37. Bxa7 Bh6 38. Bb8 Ke6 39. Nb4 Rb2 40. Nxd3
Rxb8 41. Nf4+ Kd7 42. h4 Re8 43. g5 Bf8 44. Kf3 Ba3 45. Rb1 Kc6 46. h5 Bd6 47.
Rg1 Kd7 48. g6 hxg6 49. hxg6 Rg8 50. g7 Ba3 51. Rg6 Ke7 52. Ke4 Bb2 53. Rg3 Kd6
54. Nh5 Ke6 55. d5+ Kf7 56. Rf3+ Ke7 57. Ke5 Ba3 58. Rf6 Bc5 59. d6+ Kd7 60.
Rf7+  1-0

[Event "M.Chigorin Memorial 2017 "]
[Site "?????-?????????"]
[Date "2017.10.24"]
[Round "4"]
[Board "167"]
[White "Bugaev, Anton"]
[Black "Ismagilov, Igor"]
[Result "0-1"]
[WhiteElo "1503"]
[BlackElo "1720"]
[PlyCount "76"]
[EventDate "2017.10.21"]
[EventRounds "9"]
[EventCountry "RUS"]

1. d4 c5 2. d5 d6 3. c4 g6 4. Nc3 Bg7 5. e4 Nf6 6. Bd3 Na6 7. a3 Nc7 8. f4 O-O
9. Nf3 e6 10. O-O exd5 11. cxd5 Re8 12. Re1 Bg4 13. Bc4 a6 14. a4 Rb8 15. a5
Nd7 16. h3 Bd4+ 17. Be3 Bxf3 18. Qxf3 Qf6 19. Bf2 Qg7 20. Rad1 Bxf2+ 21. Qxf2
b5 22. axb6 Rxb6 23. Rd3 Rb4 24. b3 Rbb8 25. Rg3 Nb5 26. Bxb5 axb5 27. Qd2 b4
28. Nd1 Ra8 29. Nf2 Ra3 30. f5 Rea8 31. Ng4 h5 32. Nh6+ Kf8 33. fxg6 Ra1 34.
Nf5 Rxe1+ 35. Qxe1 Ra1 36. Nxg7 Rxe1+ 37. Kf2 Rxe4 38. Nxh5 Rh4  0-1

[Event "M.Chigorin Memorial 2017 "]
[Site "?????-?????????"]
[Date "2017.10.24"]
[Round "4"]
[Board "168"]
[White "Gimenez, Gregoire"]
[Black "Shceglov, Mikhail"]
[Result "1-0"]
[WhiteElo "1711"]
[BlackElo "1503"]
[PlyCount "65"]
[EventDate "2017.10.21"]
[EventRounds "9"]
[EventCountry "RUS"]

1. d4 d5 2. Nf3 Nf6 3. g3 b6 4. Bg2 e6 5. c4 Be7 6. Qa4+ Nbd7 7. Ne5 Bb7 8. Nc3
Qc8 9. Nc6 dxc4 10. Qxc4 Bxc6 11. Qxc6 Rb8 12. Bf4 Bd8 13. Nb5 Nd5 14. Bxd5
exd5 15. Bxc7 Bxc7 16. Nxc7+ Kd8 17. Rc1 Qb7 18. Nxd5 Re8 19. Kd2 Re6 20. Qxb7
Rxb7 21. Rc3 Rd6 22. e4 f5 23. Rhc1 Rb8 24. f3 fxe4 25. fxe4 Nf6 26. Nxf6 Rxf6
27. Ke3 Rb7 28. e5 Rh6 29. R1c2 Kd7 30. Ke4 Rg6 31. h3 Rg5 32. d5 g6 33. g4  1-0

[Event "M.Chigorin Memorial 2017 "]
[Site "?????-?????????"]
[Date "2017.10.24"]
[Round "4"]
[Board "169"]
[White "Tsarkov, Mikhail"]
[Black "Pogorelov, Boris"]
[Result "1-0"]
[WhiteElo "1701"]
[BlackElo "1484"]
[PlyCount "83"]
[EventDate "2017.10.21"]
[EventRounds "9"]
[EventCountry "RUS"]

1. d4 d5 2. c4 c6 3. e3 Nf6 4. Nc3 a6 5. Nge2 dxc4 6. Ng3 b5 7. a4 Bb7 8. Be2
e6 9. Bf3 Nbd7 10. Bd2 Qc8 11. O-O Be7 12. Qe2 O-O 13. e4 Nb6 14. e5 Nfd5 15.
a5 Nxc3 16. bxc3 Nd5 17. Be4 c5 18. dxc5 Qxc5 19. Nh5 Qc7 20. Bc2 g6 21. Nf4
Nxf4 22. Bxf4 Rfd8 23. Bh6 Bf8 24. Bg5 Rd7 25. Bf6 Bg7 26. Qe3 Qc6 27. f3 Rc8
28. Rfd1 Rdc7 29. Rd4 Qc5 30. Rad1 Bxf6 31. exf6 Qf8 32. h4 Bd5 33. h5 Rd8 34.
Rg4 Rcd7 35. Qf4 Qc5+ 36. Kh1 Bc6 37. Rxd7 Bxd7 38. hxg6 hxg6 39. Bxg6 e5 40.
Bf5+ Kf8 41. Qh6+ Ke8 42. Rg8+  1-0

[Event "M.Chigorin Memorial 2017 "]
[Site "?????-?????????"]
[Date "2017.10.24"]
[Round "4"]
[Board "170"]
[White "Sakalli, Selcuk Orkun"]
[Black "Biyachuev, Minkail"]
[Result "0-1"]
[WhiteElo "1699"]
[BlackElo "1475"]
[PlyCount "166"]
[EventDate "2017.10.21"]
[EventRounds "9"]
[EventCountry "RUS"]

1. d4 Nf6 2. c4 e5 3. dxe5 Ng4 4. Nf3 Nc6 5. Bg5 Be7 6. Bf4 Bb4+ 7. Nbd2 Qe7 8.
a3 Ngxe5 9. Nxe5 Nxe5 10. e3 Bd6 11. Qh5 Ng6 12. Bg3 Be5 13. Rb1 d6 14. Bd3 Be6
15. f4 Bxf4 16. Qf3 Bxg3+ 17. Qxg3 Qh4 18. Bxg6 Qxg3+ 19. hxg3 fxg6 20. Rh4
O-O-O 21. Nf3 h5 22. Ng5 Rhe8 23. Rf4 d5 24. cxd5 Rxd5 25. Nxe6 Rxe6 26. Ke2
Rf5 27. Rd1 Rxf4 28. gxf4 Rd6 29. Rxd6 cxd6 30. Kd3 Kd7 31. Kd4 Ke6 32. e4 h4
33. a4 a6 34. b4 b6 35. b5 a5 36. Kc4 g5 37. fxg5 Ke5 38. Kd3 Kf4 39. Kd4 Kg3
40. Kd5 Kxg2 41. Kxd6 h3 42. e5 h2 43. e6 h1=Q 44. e7 Qd1+ 45. Kc7 Qc1+ 46. Kd7
Qd2+ 47. Ke6 Qe3+ 48. Kf7 Qf4+ 49. Kg6 Qe5 50. Kf7 Qf5+ 51. Kg8 Qe6+ 52. Kf8
Qf5+ 53. Kg8 Qe4 54. Kf7 Qxa4 55. e8=Q Qf4+ 56. Kg6 a4 57. Qe2+ Kg3 58. Qe1+
Qf2 59. Qe5+ Qf4 60. Qe1+ Qf2 61. Qe5+ Kf3 62. Qc3+ Qe3 63. Qc6+ Qe4+ 64. Kxg7
a3 65. Qc3+ Qe3 66. Qf6+ Kg4 67. Qa1 Qxg5+ 68. Kf7 Qd5+ 69. Kf6 a2 70. Qg1+ Kf4
71. Qf2+ Ke4 72. Qe2+ Kd4 73. Qd2+ Kc5 74. Qc1+ Kxb5 75. Qb2+ Kc5 76. Qc3+ Kb5
77. Qa3 Qd4+ 78. Ke6 a1=R 79. Qb3+ Kc6 80. Qf3+ Kc5 81. Qf5+ Kc4 82. Qc2+ Kb4
83. Qc6 Qc4+  0-1

[Event "M.Chigorin Memorial 2017 "]
[Site "?????-?????????"]
[Date "2017.10.24"]
[Round "4"]
[Board "171"]
[White "Surovtseva, Alisa"]
[Black "Mustafazade, Fikrat"]
[Result "1/2-1/2"]
[WhiteElo "1693"]
[BlackElo "1466"]
[PlyCount "120"]
[EventDate "2017.10.21"]
[EventRounds "9"]
[EventCountry "RUS"]

1. e4 Nf6 2. Nc3 d5 3. exd5 Nxd5 4. Bc4 c6 5. d4 Bf5 6. Nxd5 cxd5 7. Bd3 Bg6 8.
Nf3 e6 9. Bf4 Bd6 10. Bxd6 Qxd6 11. O-O O-O 12. c3 Nc6 13. a4 Na5 14. Bxg6 hxg6
15. Ne5 Rac8 16. Qe2 Nc4 17. Nxc4 Rxc4 18. a5 a6 19. Ra3 Qc7 20. Rfa1 Re8 21.
h3 e5 22. Re1 e4 23. Qe3 f5 24. Qg5 Kf7 25. Rb3 Qe7 26. h4 Qxg5 27. hxg5 Re7
28. Rb6 Rc6 29. Rb4 f4 30. Kf1 Ke6 31. Ke2 Kf5 32. Rh1 Kxg5 33. Rh8 f3+ 34. Kf1
fxg2+ 35. Kxg2 e3 36. fxe3 Rxe3 37. Rf8 Re2+ 38. Rf2 Rxf2+ 39. Kxf2 Rc7 40. Rb6
Rd7 41. Re6 Kf5 42. Re5+ Kf6 43. Kf3 Rd6 44. Kg4 Kf7 45. Kg5 Rd7 46. Re3 Rd8
47. Rf3+ Kg8 48. Kxg6 Rd6+ 49. Kg5 Kh7 50. Rf5 b6 51. axb6 Rxb6 52. Rxd5 Rxb2
53. Ra5 Rb5+ 54. Rxb5 axb5 55. Kh5 g6+ 56. Kg5 Kg7 57. Kg4 Kf6 58. Kf4 Ke6 59.
Kg5 Kd5 60. Kxg6 b4  1/2-1/2

[Event "M.Chigorin Memorial 2017 "]
[Site "?????-?????????"]
[Date "2017.10.24"]
[Round "4"]
[Board "172"]
[White "Timofeev, Vsevolod"]
[Black "Makeev, Konstantin"]
[Result "1-0"]
[WhiteElo "1479"]
[BlackElo "1688"]
[PlyCount "101"]
[EventDate "2017.10.21"]
[EventRounds "9"]
[EventCountry "RUS"]

1. e4 g6 2. d4 Bg7 3. Nc3 d6 4. f4 Nf6 5. Nf3 O-O 6. Bd3 c5 7. d5 Nbd7 8. O-O
a6 9. a4 Kh8 10. Re1 Ng8 11. Bd2 e5 12. Qe2 exf4 13. Bxf4 Ne5 14. Nxe5 Bxe5 15.
Bxe5+ dxe5 16. Rf1 Kg7 17. Rf2 Nf6 18. h3 Nh5 19. Qe3 Qd6 20. Ne2 Nf6 21. Raf1
Ng8 22. c4 Bd7 23. b3 Rab8 24. Nc1 b6 25. Bc2 f6 26. Nd3 Rbc8 27. Nc1 b5 28.
axb5 axb5 29. Nd3 Ne7 30. Bb1 Rc7 31. b4 Nxd5 32. cxd5 cxb4 33. Rb2 Rc4 34. Qe1
Rfc8 35. Rxb4 Rxb4 36. Nxb4 Rc4 37. Nd3 b4 38. Rf2 b3 39. Nb2 Rd4 40. Qe3 Qb4
41. Rf3 Ba4 42. Nxa4 Rd1+ 43. Rf1 Rxf1+ 44. Kxf1 Qxa4 45. Qd3 Kf7 46. d6 Ke8
47. Qd5 Kd8 48. Qe6 Qb5+ 49. Kg1 Qd7 50. Qxf6+ Kc8 51. Qxe5  1-0

[Event "M.Chigorin Memorial 2017 "]
[Site "?????-?????????"]
[Date "2017.10.24"]
[Round "4"]
[Board "173"]
[White "Oskin, Iakov"]
[Black "Zakharov, Yuri"]
[Result "0-1"]
[WhiteElo "1410"]
[BlackElo "1681"]
[PlyCount "114"]
[EventDate "2017.10.21"]
[EventRounds "9"]
[EventCountry "RUS"]

1. d4 Nf6 2. c4 g6 3. Nc3 Bg7 4. e4 O-O 5. f4 d6 6. Nf3 c5 7. d5 e6 8. Be2 exd5
9. cxd5 b5 10. e5 dxe5 11. fxe5 Ng4 12. Bxb5 Nxe5 13. Be3 a6 14. Be2 Qa5 15.
Qb3 Nxf3+ 16. Bxf3 Re8 17. Kf2 Nd7 18. Rhe1 Rb8 19. Qc2 Qb4 20. Re2 Ne5 21. Qa4
Bd7 22. Qxb4 Rxb4 23. Nd1 c4 24. Kf1 Bf5 25. Rd2 Bd3+ 26. Be2 Rd8 27. Nc3 Rdb8
28. Bxd3 Nxd3 29. a3 Rxb2 30. Rxb2 Rxb2 31. Na4 Rb5 32. Rd1 Bf8 33. Nb6 Nb2 34.
Rd2 c3 35. Rc2 Nd1 36. Bg1 Bxa3 37. Nc4 Bb4 38. d6 Rd5 39. Bb6 Bxd6 40. Re2 Kg7
41. g3 Bc5 42. Bc7 f6 43. Ra2 Rd7 44. Bf4 g5 45. Bc1 Rd4 46. Na5 Rd6 47. Nb7
Rc6 48. Ke2 Nb2 49. Nxc5 Rxc5 50. Rxa6 Nc4 51. Kd3 Ne5+ 52. Ke2 g4 53. Ra7+ Kg6
54. Be3 Rc6 55. Ra2 Nf3 56. Kd3 c2 57. Rxc2 Ne1+  0-1

[Event "M.Chigorin Memorial 2017 "]
[Site "?????-?????????"]
[Date "2017.10.24"]
[Round "4"]
[Board "174"]
[White "Koltsova, Alisa"]
[Black "Arbuzov, Timofey"]
[Result "0-1"]
[WhiteElo "1378"]
[BlackElo "1658"]
[PlyCount "88"]
[EventDate "2017.10.21"]
[EventRounds "9"]
[EventCountry "RUS"]

1. d4 Nf6 2. c4 g6 3. Nc3 Bg7 4. e4 d6 5. Nf3 O-O 6. Be2 Nbd7 7. O-O e5 8. dxe5
dxe5 9. Be3 c6 10. h3 a5 11. Qd2 Re8 12. Rfd1 Qe7 13. Qd6 Qxd6 14. Rxd6 Bf8 15.
Rd2 Nc5 16. Bd3 Nxd3 17. Rxd3 Bb4 18. Nd2 Be6 19. Rc1 Nd7 20. a3 Bc5 21. Na4
Bxe3 22. Rxe3 Red8 23. Nf3 f6 24. g4 Kf7 25. b3 h6 26. Kg2 Nf8 27. Nb6 Rab8 28.
Kg3 g5 29. Kg2 Ng6 30. Kg3 Nf4 31. Rce1 h5 32. Rh1 Rh8 33. Ree1 Rh7 34. Rh2 h4+
35. Nxh4 Rxh4 36. f3 Rbh8 37. Reh1 Rd8 38. b4 Rd3 39. Ra2 Rc3 40. bxa5 Bxc4 41.
Nxc4 Rxc4 42. Rb2 Ke6 43. Rxb7 Rc2 44. Rg1 Rxh3#  0-1

[Event "M.Chigorin Memorial 2017 "]
[Site "?????-?????????"]
[Date "2017.10.24"]
[Round "4"]
[Board "175"]
[White "Pitkanen, Juhani"]
[Black "Sviridov, Leon"]
[Result "1/2-1/2"]
[WhiteElo "1657"]
[BlackElo "1427"]
[PlyCount "80"]
[EventDate "2017.10.21"]
[EventRounds "9"]
[EventCountry "RUS"]

1. d4 Nf6 2. Bf4 g6 3. Nc3 Bg7 4. e4 d6 5. Qd2 c6 6. Bh6 Bxh6 7. Qxh6 b5 8. a3
Qa5 9. b4 Qb6 10. Qd2 Nbd7 11. Nf3 O-O 12. Be2 a5 13. O-O Bb7 14. e5 Ne8 15.
exd6 Nxd6 16. Bd3 Nf6 17. Rfe1 e6 18. Qf4 Nde8 19. Ne4 Nxe4 20. Bxe4 Kg7 21.
Qe5+ Kg8 22. c3 Qd8 23. Nd2 Qd6 24. Qxd6 Nxd6 25. Bf3 axb4 26. axb4 Rxa1 27.
Rxa1 Ra8 28. Rxa8+ Bxa8 29. Kf1 Kf8 30. Ke2 Ke7 31. Kd3 Kd7 32. Ne4 Nxe4 33.
Bxe4 f5 34. Bf3 Kd6 35. h3 e5 36. dxe5+ Kxe5 37. g3 Bb7 38. Bg2 Kd6 39. Kd4 Bc8
40. h4 Be6  1/2-1/2

[Event "M.Chigorin Memorial 2017 "]
[Site "?????-?????????"]
[Date "2017.10.24"]
[Round "4"]
[Board "176"]
[White "Khodko, Yurii N."]
[Black "Airapetyan, Anzhelika"]
[Result "1-0"]
[WhiteElo "1583"]
[BlackElo "1382"]
[PlyCount "83"]
[EventDate "2017.10.21"]
[EventRounds "9"]
[EventCountry "RUS"]

1. e4 e6 2. d4 d5 3. Nc3 Nf6 4. e5 Nfd7 5. f4 c5 6. Nf3 Nc6 7. Be3 Qb6 8. Na4
Qa5+ 9. c3 cxd4 10. b4 Qd8 11. Nxd4 Nb6 12. Nb5 Nxa4 13. Qxa4 a6 14. Nd6+ Bxd6
15. exd6 Qxd6 16. b5 Ne7 17. bxa6+ Bd7 18. Qc2 bxa6 19. Bd3 h6 20. O-O O-O 21.
Rf3 Nf5 22. Raf1 Nxe3 23. Rxe3 d4 24. Rg3 Rfc8 25. c4 Rc5 26. Qe2 Rac8 27. Rh3
f5 28. g4 fxg4 29. Qxg4 e5 30. f5 Qf6 31. Rg3 Re8 32. Qe2 Bc6 33. Rg6 Qh4 34.
f6 Rf8 35. Rxg7+ Kh8 36. Rf5 Rxf6 37. Rg4 Qh3 38. Rxf6 e4 39. Rf8+ Kh7 40.
Bxe4+ Bxe4 41. Qxe4+ Rf5 42. Qxf5#  1-0

[Event "M.Chigorin Memorial 2017 "]
[Site "?????-?????????"]
[Date "2017.10.24"]
[Round "4"]
[Board "177"]
[White "Ali, Ahad"]
[Black "Chagina, Ulyana"]
[Result "1/2-1/2"]
[WhiteElo "1356"]
[BlackElo "1571"]
[PlyCount "97"]
[EventDate "2017.10.21"]
[EventRounds "9"]
[EventCountry "RUS"]

1. Nf3 Nf6 2. d4 d5 3. Bf4 c5 4. e3 Nc6 5. c3 Qb6 6. Qb3 c4 7. Qxb6 axb6 8.
Nbd2 b5 9. Be2 b4 10. O-O Bf5 11. Nh4 Bd7 12. e4 dxe4 13. Nxc4 Nd5 14. Bd2 b5
15. Ne3 e6 16. Nxd5 exd5 17. g3 bxc3 18. bxc3 b4 19. Rfb1 bxc3 20. Bxc3 g5 21.
Ng2 Bg7 22. Rd1 O-O 23. Bb5 Rfd8 24. Bxc6 Bxc6 25. Ne3 Bb5 26. Nf5 Bh8 27. Rdb1
Bd3 28. Rb7 Ra6 29. a3 Rf6 30. Ne3 h5 31. Bb4 Rc6 32. Bc5 Rxc5 33. dxc5 Bxa1
34. c6 Be5 35. c7 Bxc7 36. Rxc7 d4 37. Nc4 Bxc4 38. Rxc4 d3 39. Rc1 f5 40. Kf1
f4 41. gxf4 gxf4 42. a4 e3 43. Ra1 e2+ 44. Ke1 f3 45. Kd2 Kf7 46. a5 Kf6 47. a6
Kf5 48. a7 Ra8 49. Ra4  1/2-1/2

[Event "M.Chigorin Memorial 2017 "]
[Site "?????-?????????"]
[Date "2017.10.24"]
[Round "4"]
[Board "178"]
[White "Pradeep, Pandya"]
[Black "Petrova, Varvara"]
[Result "1/2-1/2"]
[WhiteElo "1571"]
[BlackElo "1362"]
[PlyCount "104"]
[EventDate "2017.10.21"]
[EventRounds "9"]
[EventCountry "RUS"]

1. d4 Nf6 2. c4 g6 3. Nc3 Bg7 4. e4 d6 5. f4 O-O 6. Nf3 a5 7. Be2 Na6 8. e5 Nd7
9. exd6 exd6 10. O-O Nf6 11. a3 Bd7 12. Qb3 Bc6 13. Kh1 b6 14. Be3 Re8 15. Bg1
Ne4 16. Bd3 Nxc3 17. bxc3 Nb8 18. d5 Bb7 19. Rae1 Nd7 20. Rxe8+ Qxe8 21. Re1
Qd8 22. Qc2 Nc5 23. Bxc5 dxc5 24. Ne5 Qe7 25. Re2 Qf6 26. g3 Re8 27. Qa4 Qd8
28. Qc2 Bxe5 29. Rxe5 Rxe5 30. fxe5 Qg5 31. Qe2 Qe7 32. Kg1 Kg7 33. Qe4 Kg8 34.
Qf4 Kg7 35. Be4 Bc8 36. h4 h6 37. Bd3 Bd7 38. e6 Be8 39. Qe5+ Kg8 40. exf7+
Qxf7 41. h5 gxh5 42. Be4 Qd7 43. Bf5 Qd8 44. Qe6+ Bf7 45. Qxh6 Qd6 46. Qh7+ Kf8
47. Qh8+ Ke7 48. Kh2 Qf6 49. Qh7 Qxc3 50. Bg6 Qd2+ 51. Kh3 Qf2 52. Bxh5 Qf1+
 1/2-1/2

[Event "M.Chigorin Memorial 2017 "]
[Site "?????-?????????"]
[Date "2017.10.25"]
[Round "5"]
[Board "1"]
[White "Artemiev, Vladislav"]
[Black "Moiseenko, Vadim"]
[Result "1/2-1/2"]
[WhiteElo "2696"]
[BlackElo "2543"]
[PlyCount "84"]
[EventDate "2017.10.21"]
[EventRounds "9"]
[EventCountry "RUS"]

1. d4 e6 2. Nf3 d5 3. c4 c6 4. g3 Bb4+ 5. Nc3 dxc4 6. Bg2 Nd7 7. O-O Ne7 8. Qc2
O-O 9. Ne4 b5 10. a3 Ba5 11. Rd1 Bc7 12. Neg5 g6 13. h4 Qe8 14. h5 e5 15. dxe5
Nxe5 16. Ne4 f6 17. Bh6 Rf7 18. Nxe5 Bxe5 19. Nd6 Bxd6 20. Rxd6 Bd7 21. e4 Nc8
22. Rd2 Nb6 23. Re1 gxh5 24. e5 fxe5 25. Rde2 Re7 26. Qd2 Re6 27. Bh3 Rxh6 28.
Rxe5 Qf8 29. Bxd7 Nxd7 30. Qxd7 Rd8 31. Qc7 h4 32. Rg5+ Rg6 33. Rxg6+ hxg6 34.
Qxc6 Qf7 35. gxh4 Rd2 36. Qc5 Rd5 37. Re8+ Qxe8 38. Qxd5+ Kh7 39. Kg2 a6 40. a4
bxa4 41. Qxc4 Qb5 42. Qd4 a5  1/2-1/2

[Event "M.Chigorin Memorial 2017 "]
[Site "?????-?????????"]
[Date "2017.10.25"]
[Round "5"]
[Board "2"]
[White "Triapishko, Alexandr"]
[Black "Alekseenko, Kirill"]
[Result "1/2-1/2"]
[WhiteElo "2508"]
[BlackElo "2563"]
[PlyCount "147"]
[EventDate "2017.10.21"]
[EventRounds "9"]
[EventCountry "RUS"]

1. e4 c5 2. Nf3 d6 3. d4 cxd4 4. Nxd4 Nf6 5. Nc3 a6 6. Be3 e5 7. Nde2 Be6 8.
Ng3 h5 9. Be2 g6 10. h4 Nbd7 11. Qd2 Qc7 12. O-O-O Nb6 13. Kb1 Ng4 14. Bxb6
Qxb6 15. Bxg4 Bxg4 16. Nd5 Qd8 17. f3 Be6 18. Nf1 Rc8 19. Nfe3 Bh6 20. Qf2 Qa5
21. g4 Bxe3 22. Qxe3 Qc5 23. Qe2 Kf8 24. b3 Kg7 25. Rd3 b5 26. Rc3 Qa7 27. Rxc8
Bxc8 28. g5 Be6 29. Nf6 Rc8 30. Rf1 Qc5 31. Qf2 Qc6 32. f4 exf4 33. Rc1 a5 34.
Qd4 Kf8 35. Nd5 Bxd5 36. exd5 Qc3 37. Qxf4 Qc5 38. c4 Rb8 39. Rf1 Rb7 40. Qf6
Kg8 41. Re1 Rb8 42. Re7 Rf8 43. cxb5 Qxb5 44. Qxd6 a4 45. Kb2 axb3 46. axb3 Qf1
47. Qc6 Kh7 48. d6 Qf2+ 49. Ka3 Qd4 50. Re8 Rxe8 51. Qxe8 Qxd6+ 52. Ka4 Qa6+
53. Kb4 Qd6+ 54. Kc4 Qf4+ 55. Kb5 Kg7 56. Qe1 Qb8+ 57. Ka4 Qa7+ 58. Kb4 Qb6+
59. Ka3 f5 60. Qe7+ Kg8 61. b4 Qa6+ 62. Kb2 Qc4 63. Qd6 Kh7 64. Qc5 Qe2+ 65.
Kb3 Qe6+ 66. Kc3 Qe1+ 67. Kb3 Qe6+ 68. Qc4 Qe3+ 69. Ka4 Qa7+ 70. Kb5 Qb8+ 71.
Kc6 Qe8+ 72. Kd6 Qf8+ 73. Ke5 f4 74. Qxf4  1/2-1/2

[Event "M.Chigorin Memorial 2017 "]
[Site "?????-?????????"]
[Date "2017.10.25"]
[Round "5"]
[Board "3"]
[White "Vorobiov, Evgeny E."]
[Black "Abdusattorov, Nodirbek"]
[Result "1/2-1/2"]
[WhiteElo "2555"]
[BlackElo "2498"]
[PlyCount "94"]
[EventDate "2017.10.21"]
[EventRounds "9"]
[EventCountry "RUS"]

1. Nf3 d5 2. g3 Bg4 3. Bg2 c6 4. O-O Nf6 5. d3 Nbd7 6. h3 Bh5 7. Qe1 e5 8. e4
dxe4 9. dxe4 Bc5 10. a4 O-O 11. Na3 Re8 12. Nh4 Qc7 13. Nc4 Bf8 14. Bd2 Re6 15.
a5 Rd8 16. Nf5 b5 17. axb6 axb6 18. b3 Qb7 19. Kh2 b5 20. Nce3 Ree8 21. Bc3 Nc5
22. f3 Bg6 23. Nh4 Qb8 24. Nxg6 hxg6 25. Rd1 Ne6 26. Rxd8 Rxd8 27. Qa1 Nd4 28.
Rd1 Bc5 29. Rd3 Nh5 30. Qd1 f5 31. Nf1 f4 32. g4 Nf6 33. b4 Ba7 34. Nd2 Qb6 35.
Nb3 Kh7 36. Bxd4 exd4 37. Nc5 Re8 38. Rxd4 Qc7 39. g5 Bxc5 40. bxc5 Nh5 41. h4
Qe5 42. Bh3 Qxc5 43. Kg2 Ra8 44. Be6 Qe5 45. Bf7 Rf8 46. Rd7 Qc5 47. Bb3 Qb6
 1/2-1/2

[Event "M.Chigorin Memorial 2017 "]
[Site "?????-?????????"]
[Date "2017.10.25"]
[Round "5"]
[Board "4"]
[White "Golubov, Saveliy"]
[Black "Sjugirov, Sanan"]
[Result "0-1"]
[WhiteElo "2501"]
[BlackElo "2650"]
[PlyCount "58"]
[EventDate "2017.10.21"]
[EventRounds "9"]
[EventCountry "RUS"]

1. c4 e5 2. Nc3 d6 3. g3 f5 4. d4 Be7 5. Bg2 Nf6 6. e3 O-O 7. Nge2 c6 8. O-O
Be6 9. b3 Bf7 10. e4 fxe4 11. dxe5 dxe5 12. Qxd8 Rxd8 13. Nxe4 Nxe4 14. Bxe4
Na6 15. Be3 Bh5 16. Nc3 Bb4 17. Rac1 Nc5 18. Bf5 Bf3 19. Nb1 Rf8 20. Bh3 Nd3
21. Rc2 Rad8 22. a3 Bc5 23. Bg5 Rd6 24. Be7 Nf4 25. Bg2 Bxg2 26. Bxd6 Bxd6 27.
Re1 Nd3 28. Re3 Bc5 29. Rce2 Rxf2  0-1

[Event "M.Chigorin Memorial 2017 "]
[Site "?????-?????????"]
[Date "2017.10.25"]
[Round "5"]
[Board "5"]
[White "Volkov, Sergey"]
[Black "Bellaiche, Anthony"]
[Result "0-1"]
[WhiteElo "2638"]
[BlackElo "2493"]
[PlyCount "64"]
[EventDate "2017.10.21"]
[EventRounds "9"]
[EventCountry "RUS"]

1. d4 d5 2. c4 c6 3. cxd5 cxd5 4. Bf4 Nc6 5. e3 Nf6 6. Nc3 Bg4 7. Qb3 Na5 8.
Qa4+ Bd7 9. Qc2 e6 10. Nf3 Be7 11. Bd3 Nc6 12. a3 Nh5 13. Be5 f6 14. Bg3 f5 15.
Be5 Nf6 16. h3 O-O 17. g4 Ne4 18. gxf5 Rxf5 19. Nxe4 Rxf3 20. Nd2 Nxe5 21. dxe5
Rf8 22. Bxh7+ Kh8 23. Rg1 Bh4 24. Rg2 Bxf2+ 25. Ke2 Qh4 26. Nf3 Rxf3 27. Kxf3
Rf8+ 28. Ke2 Bb5+ 29. Bd3 Qe4 30. Rxf2 Bxd3+ 31. Qxd3 Rxf2+ 32. Kxf2 Qxd3  0-1

[Event "M.Chigorin Memorial 2017 "]
[Site "?????-?????????"]
[Date "2017.10.25"]
[Round "5"]
[Board "6"]
[White "Alekseev, Evgeny"]
[Black "Lugovskoy, Maxim"]
[Result "1/2-1/2"]
[WhiteElo "2622"]
[BlackElo "2474"]
[PlyCount "131"]
[EventDate "2017.10.21"]
[EventRounds "9"]
[EventCountry "RUS"]

1. Nf3 d5 2. e3 Nc6 3. d4 Bg4 4. Bb5 Qd7 5. c4 a6 6. Qa4 Bxf3 7. gxf3 e6 8.
cxd5 exd5 9. Bxc6 bxc6 10. Nc3 g6 11. Bd2 Bg7 12. Ne2 c5 13. Qxd7+ Kxd7 14. Bc3
cxd4 15. Bxd4 Bxd4 16. Nxd4 Ne7 17. O-O-O Rab8 18. Rd2 c5 19. Ne2 Rhd8 20. Rhd1
Kc6 21. Nf4 Rb5 22. Rc2 Kb6 23. Kb1 g5 24. Ne2 Rb4 25. f4 d4 26. a3 Rb5 27. Nc3
Ra5 28. fxg5 d3 29. Rcc1 Ng6 30. Ne4 Ne5 31. Rc3 c4 32. Nd2 Rc5 33. h3 Kb5 34.
Rdc1 Rdc8 35. f4 Nd7 36. Ka2 a5 37. b3 cxb3+ 38. Rxb3+ Ka6 39. Rxc5 Nxc5 40.
Rc3 a4 41. Kb2 Rb8+ 42. Kc1 Kb5 43. Rc4 Re8 44. e4 h6 45. h4 hxg5 46. hxg5 Rh8
47. Kb2 Rh4 48. e5 Ne6 49. Rb4+ Kc6 50. Rxa4 Nxf4 51. Kb3 Ng6 52. Rxh4 Nxh4 53.
Kc4 Ng6 54. Kd4 Nf4 55. Ke4 Ne6 56. Kf5 Kd5 57. a4 Ng7+ 58. Kf6 Nh5+ 59. Kxf7
Kxe5 60. a5 Kd5 61. a6 Kc6 62. Nc4 Kc7 63. Kg6 Ng3 64. Kh7 Kb8 65. g6 Nf5 66.
g7  1/2-1/2

[Event "M.Chigorin Memorial 2017 "]
[Site "?????-?????????"]
[Date "2017.10.25"]
[Round "5"]
[Board "7"]
[White "Gordievsky, Dmitry"]
[Black "Usmanov, Vasily"]
[Result "1/2-1/2"]
[WhiteElo "2605"]
[BlackElo "2463"]
[PlyCount "121"]
[EventDate "2017.10.21"]
[EventRounds "9"]
[EventCountry "RUS"]

1. c4 e6 2. g3 d5 3. Bg2 Nf6 4. d4 Bb4+ 5. Nd2 O-O 6. Ngf3 b6 7. O-O Bb7 8.
cxd5 exd5 9. Ne5 Re8 10. Ndf3 Nbd7 11. Bg5 Be7 12. Qa4 Nxe5 13. Nxe5 Ne4 14.
Bxe7 Qxe7 15. Rac1 c5 16. e3 a6 17. Qa3 f6 18. Nd3 c4 19. Qxe7 Rxe7 20. Bxe4
Rxe4 21. Nf4 b5 22. Ne2 Re6 23. Nc3 Bc6 24. b4 a5 25. Rb1 Re7 26. bxa5 Rb7 27.
Rb4 Rxa5 28. Rc1 Ra3 29. Kf1 Kf7 30. Ke2 Ke6 31. Kd2 Kd6 32. Kc2 Be8 33. Kb2
Rba7 34. g4 Kc6 35. f3 h5 36. h3 hxg4 37. hxg4 Bg6 38. e4 dxe4 39. d5+ Kd7 40.
fxe4 R7a5 41. Re1 Kd6 42. Nxb5+ Kc5 43. Nxa3 Kxb4 44. Nb1 Ra8 45. Nc3 Rh8 46.
Re2 Rh3 47. a3+ Kc5 48. g5 fxg5 49. e5 g4 50. d6 Rd3 51. Ne4+ Kc6 52. e6 g3 53.
e7 Be8 54. Rg2 Re3 55. Nxg3 g6 56. Ne2 Kxd6 57. Nf4 Ke5 58. Nxg6+ Kd4 59. Rg4+
Kc5 60. Rg5+ Kd6 61. Nf4  1/2-1/2

[Event "M.Chigorin Memorial 2017 "]
[Site "?????-?????????"]
[Date "2017.10.25"]
[Round "5"]
[Board "8"]
[White "Kobalia, Mikhail"]
[Black "Kobo, Ori"]
[Result "1-0"]
[WhiteElo "2596"]
[BlackElo "2460"]
[PlyCount "61"]
[EventDate "2017.10.21"]
[EventRounds "9"]
[EventCountry "RUS"]

1. e4 g6 2. d4 Bg7 3. Nc3 d6 4. Be3 a6 5. Qd2 b5 6. Bd3 Nd7 7. Nf3 Bb7 8. a4 b4
9. Ne2 Ngf6 10. Ng3 c5 11. h3 h5 12. e5 dxe5 13. dxe5 Nd5 14. e6 Bxb2 15. exd7+
Qxd7 16. O-O Bc3 17. Qc1 Bxa1 18. Qxa1 Nc3 19. Bxc5 Qxa4 20. Qxa4+ Nxa4 21.
Bxb4 Rc8 22. Re1 Rc7 23. Ne4 O-O 24. Bxe7 Bxe4 25. Rxe4 Nc5 26. Re3 Ra8 27. Bc4
Ne6 28. Bd5 Rac8 29. Bd6 Rxc2 30. Bxe6 fxe6 31. Rxe6  1-0

[Event "M.Chigorin Memorial 2017 "]
[Site "?????-?????????"]
[Date "2017.10.25"]
[Round "5"]
[Board "9"]
[White "Timofeev, Artyom"]
[Black "Khanin, Semen"]
[Result "1/2-1/2"]
[WhiteElo "2549"]
[BlackElo "2450"]
[PlyCount "68"]
[EventDate "2017.10.21"]
[EventRounds "9"]
[EventCountry "RUS"]

1. Nf3 Nf6 2. c4 e6 3. Nc3 c5 4. g3 b6 5. Bg2 Bb7 6. b3 Be7 7. Bb2 O-O 8. O-O
d5 9. cxd5 Nxd5 10. d4 Nxc3 11. Bxc3 cxd4 12. Qxd4 Qxd4 13. Nxd4 Bxg2 14. Kxg2
Rc8 15. Bb2 Nc6 16. Nxc6 Rxc6 17. Rac1 Rac8 18. Rxc6 Rxc6 19. Rc1 Rxc1 20. Bxc1
b5 21. e4 f5 22. f3 Kf7 23. Kf2 a6 24. g4 g6 25. Ke2 fxg4 26. fxg4 e5 27. Be3
Ke6 28. Kd3 Bb4 29. a4 Be7 30. h3 Bd6 31. Bf2 Be7 32. Be3 Bd6 33. Bf2 Be7 34.
Be3 Bd6  1/2-1/2